Introduction to solid state physics

-д хадгалсан:
Номзүйн дэлгэрэнгүй
Үндсэн зохиолч: Kittel, Charles (Зохиогч)
Формат: Ном
Хэл сонгох:англи
Хэвлэсэн: Nueva York John Wiley 1996
Хэвлэл:7a. ed
Нөхцлүүд:
Шошгууд: Шошго нэмэх
Шошго байхгүй, Энэхүү баримтыг шошголох эхний хүн болох!

MARC

LEADER 00000nam a2200000 a 4500
001 UCO8878
003 CL-VaPUC
008 010105e19960000US |||||||||||||||||eng|d
020 |a 0471111813 
082 0 4 |a 530.41  |b KIT  |2 21 
100 |a Kittel, Charles  |e author  |9 567840 
245 1 0 |a Introduction to solid state physics 
250 |a 7a. ed 
300 |a 673 p 
942 |c BK 
945 |d 20010105 00:00:00  |a vberengu 
260 |a Nueva York  |b John Wiley  |c 1996 
650 0 |a Conductividad eléctrica  |9 260251 
650 0 |a Física del estado solido  |9 315365 
650 7 |a PROPIEDADES DIELECTRICAS  |2 CL-VaPUC  |9 351593 
650 7 |a PROPIEDADES ELECTRICAS DE LAS SUSTANCIAS  |2 CL-VaPUC  |9 439508 
650 7 |a PROPIEDADES MAGNETICAS DE LAS SUSTANCIAS  |2 CL-VaPUC  |9 352263 
650 0 |a Imagen por Resonancia Magnética (IRM)  |9 356871 
650 0 |a Sólidos  |9 260188 
650 7 |a SUPERCONDUCTIVIDAD  |2 CL-VaPUC  |9 314465 
583 |a last modification  |c 20010105 00:00:00  |k Rodrigo Vera 
999 |c 293303  |d 293301 
952 |0 0  |1 0  |4 0  |6 530_410000000000000_KIT_1996  |7 0  |8 A  |9 344761  |a BIBCUR  |b BIBCUR  |d 2019-11-20  |i 3680010  |o 530.41 KIT 1996  |p 3680010  |r 2025-04-22  |w 2019-11-20  |y BK  |k FIS 
952 |0 0  |1 0  |4 0  |6 530_410000000000000_KIT_1996  |7 0  |8 A  |9 344762  |a BIBCUR  |b BIBCUR  |d 2019-11-20  |i 4025601  |o 530.41 KIT 1996  |p 4025601  |r 2025-04-22  |w 2019-11-20  |y BK  |k FIS